Catálogo de la Biblioteca Horacio González - Universidad Nacional de General Sarmiento

Implementing geographic information systems for planning : (Registro nro. 56570)

Detalles MARC
000 -CABECERA
campo de control de longitud fija 00649nam a22002050a 4500
001 - NÚMERO DE CONTROL
campo de control PT33916
003 - IDENTIFICADOR DEL NÚMERO DE CONTROL
campo de control AR-LpoUNG
005 - FECHA Y HORA DE LA ÚLTIMA TRANSACCIÓN
campo de control 20210202002526.0
008 - DATOS DE LONGITUD FIJA--INFORMACIÓN GENERAL
campo de control de longitud fija 191001suuuu||||ag |||||||||||||||||eng d
040 ## - FUENTE DE LA CATALOGACIÓN
Centro catalogador/agencia de origen AR-LpoUNG
Lengua de catalogación spa
Centro/agencia transcriptor AR-LpoUNG
Normas de descripción aacr
041 ## - CÓDIGO DE LENGUA
Código de lengua del texto/banda sonora o título independiente eng
082 0# - NÚMERO DE LA CLASIFICACIÓN DECIMAL DEWEY
Número de clasificación 910.011 3 58imp
100 1# - ENTRADA PRINCIPAL--NOMBRE DE PERSONA
Nombre de persona Innes, Judith E.
245 10 - MENCIÓN DE TÍTULO
Título Implementing geographic information systems for planning :
Resto del título lessons from the history of technological innovation
260 ## - PUBLICACIÓN, DISTRIBUCIÓN, ETC.
Lugar de publicación, distribución, etc. s.l.
Nombre del editor, distribuidor, etc. IURD,
Fecha de publicación, distribución, etc. s.f.
700 1# - PUNTO DE ACCESO ADICIONAL--NOMBRE DE PERSONA
Nombre de persona Simpson, David M.
710 2# - PUNTO DE ACCESO ADICIONAL--NOMBRE DE ENTIDAD CORPORATIVA
Nombre de entidad corporativa o nombre de jurisdicción como elemento de entrada University of California (Berkeley). Institute of Urban and Regional Development
905 ## - ELEMENTOS DE DATOS E LOCAL, LDE (RLIN)
a 33916
942 ## - ELEMENTOS DE PUNTO DE ACCESO ADICIONAL (KOHA)
Tipo de ítem Koha Libro
Existencias
Estado de retiro Estado de pérdida Estado dañado No para préstamo Código de colección Localización permanente Ubicación/localización actual Fecha de adquisición Total de préstamos Signatura topográfica completa Código de barras Fecha visto por última vez Precio válido a partir de Tipo de ítem Koha
        Colección General Biblioteca Universidad Nacional de General Sarmiento Biblioteca Universidad Nacional de General Sarmiento 02/02/2021   910.011 3 58imp 00007222 02/02/2021 02/02/2021 Libro